Κατάλογος Βιβλιοθηκών Mediterranean College

The Multi Media Melting Pot / Marketing When the Wind Blows (Record no. 3907)

MARC details
000 -LEADER
fixed length control field 00874cam a22001934a 4500
005 - ΗΜΕΡΟΜΗΝΙΑ ΚΑΙ ΩΡΑ ΤΕΛΕΥΤΑΙΑΣ ΕΝΗΜΕΡΩΣΗΣ
Πεδίο ελέγχου 20250605164129.0
008 - FIXED-LENGTH DATA ELEMENTS--GENERAL INFORMATION
Πεδίο ελέγχου σταθερού μήκους 250528s ||||||||||||||||||||||||d
035 ## - SYSTEM CONTROL NUMBER
System control number 18556
020 ## - ISBN
ISBN 906890934
040 ## - ΠΗΓΗ ΚΑΤΑΛΟΓΟΓΡΑΦΗΣΗΣ
Φορέας πρωτότυπης καταλογογράφησης MC Athens Campus Library
Γλώσσα καταλογογράφησης Ελληνικά, Μοντέρνα (1453-)
Modifying agency MC Athens Campus Library
Κανόνες περιγραφικής καταλογογράφησης AACR2
245 1# - ΤΙΤΛΟΣ ΚΑΙ ΔΗΛΩΣΗ ΥΠΕΥΘΥΝΟΤΗΤΑΣ
Τίτλος The Multi Media Melting Pot / Marketing When the Wind Blows
260 ## - PUBLICATION, DISTRIBUTION, ETC.
Name of publisher, distributor, etc. Comedia Publishing Group,
Date of publication, distribution, etc. 1986
300 ## - PHYSICAL DESCRIPTION
Extent 120
520 ## - SUMMARY, ETC.
Summary, etc. This book consider the ways in which each new version exploited the resources of the different forms. Acknowledgements, Author's Note, Preface, Fiction for a Nuclear Age: The Briggs Phenomenon, Blowing in the Wind: The Original Cartoon Book, Nuclear Drama: The Stage and Radio Versions, The Animated Holocaust, Notes, Publications by Raymond Briggs, Interviews, Bibliography.
700 1# - ΠΡΟΣΘΕΤΗ ΑΝΑΓΡΑΦΗ--ΦΥΣΙΚΟ ΠΡΟΣΩΠΟ
Personal name Kilborn Richard
9 (RLIN) 4821
942 ## - ADDED ENTRY ELEMENTS (KOHA)
Koha item type Books
Holdings
Τύπος τεκμηρίου Βιβλιοθήκη Τρέχουσα τοποθεσία Barcode Αριθμός εισαγωγής Ημερομηνία απόκτησης Ταξιθετικό σύμβολο Αριθμός αντιτύπου Κατάσταση απόσυρσης Κατάσταση χαμένου Κατάσταση κατεστραμμένου Μη δανεισμός Σύνολο δανεισμών Ημερομηνία τελευταίας εμφάνισης Η τιμή ισχύει από
Books MC Athens Campus Library MC Athens Campus Library 9780000039064 3459 05/06/2025 741.5/942 KIL 1           05/06/2025 05/06/2025

MC Athens Campus Library
Πατησίων 94 & Κοδριγκτώνος 13, 104 34
Πελλήνης 8 & Πατησίων 107, 112 51
Τ: +30 210 8899600

MC Thessaloniki Campus Library
Ίωνος Δραγούμη 21, 54625 | Ίωνος Δραγούμη 15, 54625
Τ: +30 2310 287779 – Τ: +30 2314 440300